000 00457cam a2200145 4500500
005 20251012032531.0
041 _afre
042 _adc
100 1 0 _aLe Moing, Monique
_eauthor
245 0 0 _aPhilippe Grimbert, Un secret, Grasset, 2004, 191 pages.
260 _c2004.
500 _a75
786 0 _nSigila | 14 | 2 | 2004-12-20 | p. 191-192 | 1286-1715
856 4 1 _uhttps://shs.cairn.info/revue-sigila-2004-2-page-191?lang=fr&redirect-ssocas=7080
999 _c1547603
_d1547603